[Event "Nikaia op 25th"]
[Site "Nikaia"]
[Date "2017.09.02"]
[Round "8"]
[White "Pountzas, Hrisanthos"]
[Black "Kouskoutis, Georgios Alexandros"]
[Result "1-0"]
[WhiteElo "2058"]
[BlackElo "2270"]
[PlyCount "79"]
[EventDate "2017.08.26"]
[EventType "swiss"]
[EventRounds "9"]
[EventCountry "GRE"]
[SourceTitle "CBM 180 Extra"]
[Source "ChessBase"]
[SourceDate "2017.10.06"]
[SourceVersion "1"]
[SourceVersionDate "2017.10.06"]
[SourceQuality "1"]

1. c4 Nf6 2. g3 e6 3. Bg2 d5 4. Nf3 Be7 5. 0-0 0-0 6. d4 c6 7. Qc2 b6 8. Nbd2 Bb7 9. b3 Na6 10. Bb2 Rc8 11. Rac1 c5 12. Qb1 dxc4 13. Rxc4 Bd5 14. Rcc1 cxd4 15. Rxc8 Qxc8 16. Bxd4 Qb7 17. Rc1 Nc5 18. Ne1 Bxg2 19. Nxg2 Rd8 20. Nf3 Qa6 21. Qb2 Nce4 22. Qc2 Ba3 23. Qc7 Rf8 24. Rc2 Nd6 25. Bxf6 gxf6 26. Qd7 Ne4 27. Nf4 Bc5 28. e3 Ng5 29. Nd2 f5 30. h4 Ne4 31. Nxe4 fxe4 32. Nh5 Qd3 33. Rd2 Qb1+ 34. Kg2 Qa1 35. Qc7 a5 36. Qf4 Kh8 37. Rd7 Qc3 38. Rxf7 Kg8 39. Rxf8+ Bxf8 40. Qxe4 1-0

[Event "Nikaia op 25th"]
[Site "Nikaia"]
[Date "2017.08.28"]
[Round "3"]
[White "Skaperdas, Kostantinos"]
[Black "Pountzas, Hrisanthos"]
[Result "1-0"]
[WhiteElo "2200"]
[BlackElo "2058"]
[PlyCount "107"]
[EventDate "2017.08.26"]
[EventType "swiss"]
[EventRounds "9"]
[EventCountry "GRE"]
[SourceTitle "CBM 180 Extra"]
[Source "ChessBase"]
[SourceDate "2017.10.06"]
[SourceVersion "1"]
[SourceVersionDate "2017.10.06"]
[SourceQuality "1"]

1. e4 Nf6 2. e5 Nd5 3. d4 d6 4. c4 Nb6 5. exd6 cxd6 6. Nc3 g6 7. Be3 Bg7 8. Rc1 0-0 9. b3 Bf5 10. Nge2 e5 11. d5 Na6 12. h4 Nc5 13. Ng3 Bd7 14. Nge4 Nxe4 15. Nxe4 Bf5 16. Nc3 Bd7 17. h5 f5 18. hxg6 hxg6 19. Qd2 f4 20. Bxb6 Qxb6 21. Ne4 Bf5 22. Bd3 Qd4 23. Qe2 g5 24. Rh5 g4 25. Nf6+ Rxf6 26. Bxf5 e4 27. Rd1 Qc3+ 28. Kf1 f3 29. Qxe4 fxg2+ 30. Kxg2 Qf3+ 31. Qxf3 gxf3+ 32. Kxf3 Re8 33. Rd2 Re5 34. Kg4 Bh6 35. f4 Re1 36. Rf2 Kg7 37. Kf3 Rg1 38. Ke4 Re1+ 39. Kd3 Kf8 40. Be6 Rd1+ 41. Kc2 Ra1 42. Kb2 Rg1 43. f5 b6 44. Rhh2 a5 45. Ka3 Ke7 46. Ka4 Kd8 47. Kb5 Kc7 48. Rf3 Rg7 49. Rfh3 Rh7 50. Rg2 Rh8 51. Rgh2 Kb7 52. Rh1 Kc7 53. R1h2 Kb7 54. Bd7 1-0

[Event "GRE-chT 43rd"]
[Site "Porto Rio"]
[Date "2015.10.09"]
[Round "3.13"]
[White "Roinos, Ilias"]
[Black "Pountzas, Hrisanthos"]
[Result "1-0"]
[WhiteElo "2099"]
[BlackElo "2124"]
[PlyCount "63"]
[EventDate "2015.10.08"]
[EventType "team-swiss"]
[EventRounds "7"]
[EventCountry "GRE"]
[SourceTitle "CBM 168 Extra"]
[Source "ChessBase"]
[SourceDate "2015.10.29"]
[SourceVersion "1"]
[SourceVersionDate "2015.10.29"]
[SourceQuality "1"]
[WhiteTeam "Glyfadas Zenon"]
[BlackTeam "Ikarias Tzelepis"]
[WhiteTeamCountry "GRE"]
[BlackTeamCountry "GRE"]

1. e4 c5 2. Nf3 Nc6 3. d4 cxd4 4. Nxd4 g6 5. Nc3 Bg7 6. Be3 Nf6 7. Be2 0-0 8. 0-0 d5 9. Nxc6 bxc6 10. e5 Ne8 11. f4 f6 12. exf6 Bxf6 13. Na4 Nd6 14. Kh1 e5 15. fxe5 Bxe5 16. Rxf8+ Qxf8 17. Bf3 Be6 18. Nc5 Re8 19. Nd3 Bg7 20. Bxa7 Nc4 21. Bc5 Qf6 22. c3 Nxb2 23. Nxb2 Qxc3 24. Rc1 Qxb2 25. a4 Bf5 26. a5 Bc3 27. a6 Re1+ 28. Qxe1 Bxe1 29. a7 Qb7 30. Rxe1 Bc8 31. Re8+ Kf7 32. Re7+ 1-0

[Event "GRE-chT 43rd"]
[Site "Porto Rio"]
[Date "2015.10.08"]
[Round "1.9"]
[White "Dimopoulos, Dimitrios"]
[Black "Pountzas, Hrisanthos"]
[Result "0-1"]
[WhiteElo "1942"]
[BlackElo "2124"]
[PlyCount "88"]
[EventDate "2015.10.08"]
[EventType "team-swiss"]
[EventRounds "7"]
[EventCountry "GRE"]
[SourceTitle "CBM 168 Extra"]
[Source "ChessBase"]
[SourceDate "2015.10.29"]
[SourceVersion "1"]
[SourceVersionDate "2015.10.29"]
[SourceQuality "1"]
[WhiteTeam "Heraklion"]
[BlackTeam "Ikarias Tzelepis"]
[WhiteTeamCountry "GRE"]
[BlackTeamCountry "GRE"]

1. e4 c5 2. c3 Nf6 3. e5 Nd5 4. d4 cxd4 5. cxd4 d6 6. Nf3 Nc6 7. Bc4 dxe5 8. Nxe5 e6 9. 0-0 Be7 10. Bb5 Bd7 11. Bxc6 Bxc6 12. Nxc6 bxc6 13. Nc3 0-0 14. Be3 Rb8 15. Qe2 Qa5 16. Rfc1 Nxe3 17. fxe3 e5 18. dxe5 Qxe5 19. e4 Rb4 20. Rc2 Rfb8 21. Rac1 h5 22. a3 Rd4 23. Rf1 g6 24. Qf3 Rf8 25. g3 Bg5 26. Kg2 Qe6 27. Re2 Rfd8 28. h4 Rd3 29. Qf2 Bxh4 30. gxh4 Qg4+ 31. Kh1 Rh3+ 32. Qh2 Qxh4 33. Qxh3 Qxh3+ 34. Kg1 Rd3 35. Rg2 Rg3 36. Rff2 h4 37. Rxg3 Qxg3+ 38. Rg2 Qe1+ 39. Kh2 Kh7 40. Ne2 Kh6 41. Nc3 g5 42. Rg1 Qe3 43. Rg2 Kh5 44. Re2 Qf3 0-1

[Event "Nikaia op 23rd"]
[Site "Nikaia"]
[Date "2015.08.31"]
[Round "5"]
[White "Drivas, Stefanos"]
[Black "Pountzas, Hrisanthos"]
[Result "1/2-1/2"]
[WhiteElo "1967"]
[BlackElo "2128"]
[PlyCount "168"]
[EventDate "2015.08.26"]
[EventType "swiss"]
[EventRounds "9"]
[EventCountry "GRE"]
[SourceTitle "EXT 2016"]
[Source "ChessBase"]
[SourceDate "2015.10.08"]
[SourceVersion "1"]
[SourceVersionDate "2015.10.08"]
[SourceQuality "1"]

1. Nf3 c5 2. g3 g6 3. d4 cxd4 4. Nxd4 Bg7 5. Bg2 Nc6 6. e3 Nf6 7. 0-0 0-0 8. c4 Nxd4 9. exd4 d5 10. cxd5 Nxd5 11. Nc3 Nxc3 12. bxc3 Qc7 13. Qb3 Rb8 14. Re1 e5 15. d5 Bd7 16. Be3 b6 17. Rac1 Rfc8 18. c4 Bf8 19. Bg5 Qd6 20. Qb2 Bg7 21. Be3 f5 22. Qd2 Rc7 23. Qb2 Rbc8 24. Qb3 Bf8 25. Bf1 Qb4 26. Bg5 Qd6 27. Qf3 Bg7 28. Bd2 Be8 29. Rb1 Bf7 30. Bb4 Qf6 31. Qa3 Rd7 32. Qa6 Qd8 33. a4 e4 34. Bd2 Bd4 35. Be3 Bxe3 36. Rxe3 Rc5 37. Rb5 Qc7 38. Rxc5 Qxc5 39. Qb5 Rc7 40. Be2 h5 41. h4 Qd6 42. Qb2 Rc5 43. Kg2 Ra5 44. Bd1 Be8 45. Qa1 a6 46. f3 exf3+ 47. Kxf3 Bf7 48. Qd4 Rc5 49. Be2 b5 50. axb5 axb5 51. cxb5 Rxd5 52. Qf4 Qb6 53. Bc4 Rd4 54. Bxf7+ Kxf7 55. Qe5 Qb7+ 56. Kf2 Qd7 57. b6 Rb4 58. Qc5 Rb2+ 59. Kf3 Qb7+ 60. Kf4 Rxb6 61. Kg5 Rc6 62. Qd5+ Kg7 63. Re6 Qc7 64. Qd4+ Kh7 65. Rxc6 Qxc6 66. Qa7+ Kg8 67. Kh6 Qc1+ 68. Kxg6 Qc6+ 69. Kxh5 Qf3+ 70. Kh6 Qxg3 71. Qh7+ Kf8 72. Qxf5+ Ke8 73. h5 Qg8 74. Qg6+ Kf8 75. Qf6+ Ke8 76. Qg7 Qe6+ 77. Qg6+ Qf7 78. Qc6+ Kf8 79. Qd6+ Kg8 80. Qg6+ Kh8 81. Kg5 Qxg6+ 82. hxg6 Kg7 83. Kf5 Kg8 84. Kf6 Kf8 1/2-1/2

[Event "GRE-chT 42nd"]
[Site "Porto Rio"]
[Date "2014.07.02"]
[Round "6.4"]
[White "Pountzas, Hrisanthos"]
[Black "Hristopoulos, Ioannis"]
[Result "1/2-1/2"]
[WhiteElo "2110"]
[BlackElo "1874"]
[PlyCount "37"]
[EventDate "2014.06.28"]
[EventType "team-swiss"]
[EventRounds "7"]
[EventCountry "GRE"]
[SourceTitle "CBM 161 Extra"]
[Source "ChessBase"]
[SourceDate "2014.08.29"]
[SourceVersion "1"]
[SourceVersionDate "2014.08.29"]
[SourceQuality "1"]
[WhiteTeam "Ikarias Tzelepis"]
[BlackTeam "Aigialeias Interior"]
[WhiteTeamCountry "GRE"]
[BlackTeamCountry "GRE"]

1. f4 d5 2. Nf3 Nf6 3. e3 Bg4 4. b3 e6 5. Bb2 Nbd7 6. Be2 Bd6 7. Ne5 Bxe2 8. Qxe2 c6 9. d3 Qc7 10. Nxd7 Qxd7 11. Nd2 Qe7 12. Nf3 Bb4+ 13. c3 Ba3 14. 0-0 Bxb2 15. Qxb2 0-0 16. Kh1 Kh8 17. Kg1 Kg8 18. Kh1 Kh8 19. Kg1 1/2-1/2

[Event "GRE-chT 42nd"]
[Site "Porto Rio"]
[Date "2014.06.28"]
[Round "1.3"]
[White "Megalios, Konstantinos"]
[Black "Pountzas, Hrisanthos"]
[Result "1/2-1/2"]
[WhiteElo "2203"]
[BlackElo "2110"]
[PlyCount "85"]
[EventDate "2014.06.28"]
[EventType "team-swiss"]
[EventRounds "7"]
[EventCountry "GRE"]
[SourceTitle "CBM 161 Extra"]
[Source "ChessBase"]
[SourceDate "2014.08.29"]
[SourceVersion "1"]
[SourceVersionDate "2014.08.29"]
[SourceQuality "1"]
[WhiteTeam "Chess Spring"]
[BlackTeam "Ikarias Tzelepis"]
[WhiteTeamCountry "GRE"]
[BlackTeamCountry "GRE"]

1. d4 Nf6 2. c4 g6 3. Nc3 Bg7 4. e4 d6 5. Be2 0-0 6. Bg5 Nbd7 7. Qd2 c6 8. h4 e5 9. d5 cxd5 10. cxd5 Nc5 11. f3 Qa5 12. Rb1 Qc7 13. b4 Na6 14. Nb5 Qd7 15. Rc1 Nh5 16. Nh3 Ng3 17. Rg1 h6 18. Bxh6 Nxe2 19. Bxg7 Kxg7 20. Qxe2 Rh8 21. Qc4 Qe7 22. Nf2 Bd7 23. Nc3 Qxh4 24. a3 Qg5 25. Rc2 Rac8 26. Qd3 Rh2 27. Nfd1 Nc7 28. Rd2 Ne8 29. Rc2 Nf6 30. Qe3 Qh4+ 31. Qf2 Nh5 32. Qxh4 Rxh4 33. Kd2 f5 34. Nf2 f4 35. Rh1 Rxh1 36. Nxh1 Kf6 37. Nf2 Ng3 38. Rc1 Kg5 39. Nd3 a6 40. Ne2 Rxc1 41. Nexc1 Bb5 42. Ke1 Kf6 43. Nb2 1/2-1/2

[Event "Isthmia op 3rd"]
[Site "Vrachati"]
[Date "2013.08.19"]
[Round "3"]
[White "Vidit, Santosh Gujrathi"]
[Black "Pountzas, Hrisanthos"]
[Result "1-0"]
[WhiteElo "2563"]
[BlackElo "2112"]
[PlyCount "89"]
[EventDate "2013.08.18"]
[EventType "swiss"]
[EventRounds "9"]
[EventCountry "GRE"]
[SourceTitle "CBM 156 Extra"]
[Source "ChessBase"]
[SourceDate "2013.10.22"]
[SourceVersion "1"]
[SourceVersionDate "2013.10.22"]
[SourceQuality "1"]

1. d4 Nf6 2. Nf3 e6 3. c4 Bb4+ 4. Nbd2 b6 5. e3 Bb7 6. Bd3 0-0 7. 0-0 Bxd2 8. Nxd2 d6 9. b3 e5 10. Bb2 Nbd7 11. Qc2 Qe7 12. Bf5 Rfe8 13. Rae1 c5 14. d5 b5 15. e4 bxc4 16. bxc4 a5 17. g3 a4 18. f4 Ra6 19. Nf3 Bc8 20. Qc3 Rb6 21. Ba3 Ba6 22. Qc2 Ra8 23. Rb1 g6 24. Bxd7 Nxd7 25. Rxb6 Nxb6 26. Nd2 f6 27. Rb1 Qc7 28. Qc3 Bc8 29. Nf1 Bd7 30. Ne3 Ra6 31. Rf1 Qd8 32. g4 h6 33. h4 g5 34. hxg5 hxg5 35. fxe5 fxe5 36. Qd2 Ra7 37. Qf2 Bc8 38. Qf6 Qxf6 39. Rxf6 Rd7 40. Bxc5 Nxc4 41. Nxc4 Rc7 42. Rxd6 Rxc5 43. Rc6 Rxc6 44. dxc6 Bxg4 45. c7 1-0

[Event "Aegean op 36th"]
[Site "Aghios Kirykos"]
[Date "2013.07.17"]
[Round "6"]
[White "Pountzas, Hrisanthos"]
[Black "Kanellos, Dimitrios V"]
[Result "0-1"]
[WhiteElo "2094"]
[BlackElo "1986"]
[PlyCount "72"]
[EventDate "2013.07.15"]
[EventType "swiss"]
[EventRounds "9"]
[EventCountry "GRE"]
[SourceTitle "EXT 2014"]
[Source "ChessBase"]
[SourceDate "2013.11.20"]
[SourceVersion "1"]
[SourceVersionDate "2013.11.20"]
[SourceQuality "1"]

1. Nf3 Nf6 2. c4 e6 3. g3 Be7 4. Bg2 0-0 5. 0-0 d5 6. b3 d4 7. Bb2 c5 8. b4 a5 9. bxc5 Nc6 10. d3 Bxc5 11. Nbd2 a4 12. Ng5 e5 13. Bc1 Be7 14. Nde4 Nxe4 15. Nxe4 f5 16. Nd2 Bc5 17. f4 Ra6 18. fxe5 Nxe5 19. Nf3 Ng4 20. Rb1 Re6 21. Ng5 Re7 22. Qxa4 h6 23. Bd5+ Kh8 24. Nh3 g5 25. Nxg5 hxg5 26. Bxg5 Qd6 27. Bxe7 Qxe7 28. Bf3 Ne3 29. Rf2 f4 30. g4 Qh4 31. Qb5 b6 32. Qc6 Rg8 33. Rxb6 Bxb6 34. Qxb6 Bxg4 35. Qxd4+ Rg7 36. Bxg4 Qxg4+ 0-1

[Event "GRE-chT 40th"]
[Site "Achaia"]
[Date "2012.07.01"]
[Round "3.13"]
[White "Lirindzakis, Timotheos"]
[Black "Pountzas, Hrisanthos"]
[Result "1-0"]
[WhiteElo "2320"]
[BlackElo "2126"]
[PlyCount "55"]
[EventDate "2012.06.30"]
[EventType "team-swiss"]
[EventRounds "7"]
[EventCountry "GRE"]
[SourceTitle "CBM 149 Extra"]
[Source "ChessBase"]
[SourceDate "2012.08.24"]
[SourceVersion "1"]
[SourceVersionDate "2012.08.24"]
[SourceQuality "1"]
[WhiteTeam "Heraklion DAA"]
[BlackTeam "Tzelepis Ikaria"]
[WhiteTeamCountry "GRE"]
[BlackTeamCountry "GRE"]

1. Nf3 c5 2. c4 g6 3. g3 Bg7 4. Bg2 Nc6 5. Nc3 d6 6. 0-0 Nh6 7. d3 Nf5 8. Bd2 h5 9. h3 Bd7 10. Rb1 Qc8 11. Kh2 h4 12. g4 Nh6 13. Ne1 Bxg4 14. hxg4 Nxg4+ 15. Kh1 Qf5 16. Ne4 h3 17. Bf3 Nce5 18. e3 0-0 19. Be2 Nh6 20. Nf3 Qd7 21. Nxe5 Bxe5 22. Bc3 Bxc3 23. Nxc3 Rab8 24. Rg1 Qf5 25. Bf3 a6 26. Qe2 b5 27. Be4 Qf6 28. Qh5 1-0

[Event "GRE-chT 40th"]
[Site "Achaia"]
[Date "2012.06.30"]
[Round "1.9"]
[White "Pountzas, Hrisanthos"]
[Black "Ilandzis, Spyridon"]
[Result "1-0"]
[WhiteElo "2126"]
[BlackElo "2135"]
[PlyCount "61"]
[EventDate "2012.06.30"]
[EventType "team-swiss"]
[EventRounds "7"]
[EventCountry "GRE"]
[SourceTitle "CBM 149 Extra"]
[Source "ChessBase"]
[SourceDate "2012.08.24"]
[SourceVersion "1"]
[SourceVersionDate "2012.08.24"]
[SourceQuality "1"]
[WhiteTeam "Tzelepis Ikaria"]
[BlackTeam "Triandrias"]
[WhiteTeamCountry "GRE"]
[BlackTeamCountry "GRE"]

1. c4 b6 2. Nc3 e6 3. Nf3 Bb7 4. e4 Bb4 5. Bd3 Ne7 6. Ne2 f5 7. Qc2 fxe4 8. Bxe4 Bxe4 9. Qxe4 Nbc6 10. 0-0 0-0 11. d4 Ng6 12. c5 bxc5 13. a3 Ba5 14. dxc5 Rb8 15. Bg5 Qe8 16. b4 Bxb4 17. axb4 Rxb4 18. Qc2 Rg4 19. h3 Rb4 20. Rfb1 a5 21. Rxb4 axb4 22. Ned4 Nge5 23. Nxe5 Nxe5 24. Qe4 Nf7 25. Bd2 Qe7 26. Bxb4 Qf6 27. Ra8 Nd8 28. Qe3 Qg6 29. c6 d6 30. Bxd6 cxd6 31. c7 1-0

[Event "Isthmia op 1st"]
[Site "Vrachati"]
[Date "2011.08.23"]
[Round "7"]
[White "Pountzas, Hrisanthos"]
[Black "Bellos, Ioannis"]
[Result "1-0"]
[WhiteElo "2177"]
[BlackElo "1944"]
[PlyCount "77"]
[EventDate "2011.08.18"]
[EventType "swiss"]
[EventRounds "9"]
[EventCountry "GRE"]
[SourceTitle "CBM 144 Extra"]
[Source "ChessBase"]
[SourceDate "2011.10.28"]
[SourceVersion "1"]
[SourceVersionDate "2011.10.28"]
[SourceQuality "1"]

1. c4 e5 2. g3 Nc6 3. Bg2 f5 4. Nc3 Nf6 5. Nf3 e4 6. Ng5 Bc5 7. 0-0 0-0 8. d3 h6 9. Nh3 exd3 10. Qxd3 d6 11. Nf4 Ne5 12. Qc2 c6 13. Na4 Bb4 14. b3 Ba5 15. Ba3 Bc7 16. Rad1 Re8 17. Bxd6 Bxd6 18. c5 g5 19. Nh3 Nf7 20. cxd6 Ne4 21. d7 Bxd7 22. Bxe4 fxe4 23. Nc5 Re7 24. Nxe4 Qc8 25. Nf6+ Kg7 26. Nxd7 Rxd7 27. Kg2 Re7 28. f3 Qe6 29. Rfe1 Rae8 30. Qc3+ Kg8 31. Nf2 Nd6 32. Qd3 Nf5 33. e4 Ng7 34. Qd6 Qf7 35. Qxh6 Rf8 36. Rd3 Ne6 37. Ng4 Ng7 38. Qxg5 Rd7 39. Nh6+ 1-0

[Event "Isthmia op 1st"]
[Site "Vrachati"]
[Date "2011.08.22"]
[Round "5"]
[White "Rigopoulos Tsigkos, Alexandros"]
[Black "Pountzas, Hrisanthos"]
[Result "1/2-1/2"]
[WhiteElo "2041"]
[BlackElo "2177"]
[PlyCount "52"]
[EventDate "2011.08.18"]
[EventType "swiss"]
[EventRounds "9"]
[EventCountry "GRE"]
[SourceTitle "CBM 144 Extra"]
[Source "ChessBase"]
[SourceDate "2011.10.28"]
[SourceVersion "1"]
[SourceVersionDate "2011.10.28"]
[SourceQuality "1"]

1. e4 c5 2. Nf3 g6 3. c3 Bg7 4. d4 cxd4 5. cxd4 d5 6. exd5 Nf6 7. Nc3 Nxd5 8. Bc4 Nb6 9. Bb3 Nc6 10. Be3 0-0 11. h3 Na5 12. 0-0 Bf5 13. Re1 h6 14. Rc1 Nbc4 15. Bxc4 Nxc4 16. Qe2 Nxe3 17. Qxe3 Re8 18. Ne5 Rc8 19. Rcd1 Qb6 20. Rd2 Rcd8 21. g4 Bc8 22. Qf3 Qf6 23. Qe4 Qh4 24. Qf3 Qf6 25. Qe4 Qh4 26. Qf3 Qf6 1/2-1/2

[Event "Isthmia op 1st"]
[Site "Vrachati"]
[Date "2011.08.20"]
[Round "3"]
[White "Baklan, Vladimir"]
[Black "Pountzas, Hrisanthos"]
[Result "1-0"]
[WhiteElo "2620"]
[BlackElo "2177"]
[PlyCount "55"]
[EventDate "2011.08.18"]
[EventType "swiss"]
[EventRounds "9"]
[EventCountry "GRE"]
[SourceTitle "CBM 144 Extra"]
[Source "ChessBase"]
[SourceDate "2011.10.28"]
[SourceVersion "1"]
[SourceVersionDate "2011.10.28"]
[SourceQuality "1"]

1. e4 c5 2. c3 Nf6 3. e5 Nd5 4. Nf3 Nc6 5. Bc4 e6 6. 0-0 d6 7. d4 Be7 8. Qe2 cxd4 9. cxd4 Nb6 10. Bb3 d5 11. Nc3 Bd7 12. Rd1 a5 13. a4 Nb4 14. Ne1 Rc8 15. Nd3 Nc4 16. Nf4 g6 17. g3 Qc7 18. h4 h5 19. Nh3 Qb6 20. Bg5 Na6 21. Bxc4 Rxc4 22. Bxe7 Kxe7 23. Qf3 Rf8 24. Ng5 Rxd4 25. Qf6+ Ke8 26. Nxd5 Rxd1+ 27. Rxd1 Qc5 28. Ne4 1-0

[Event "Aegean op 34th"]
[Site "Aghios Kirykos"]
[Date "2011.07.12"]
[Round "5"]
[White "Pountzas, Hrisanthos"]
[Black "Finokaliotis, Georgios"]
[Result "1/2-1/2"]
[WhiteElo "2177"]
[BlackElo "1983"]
[PlyCount "94"]
[EventDate "2011.07.09"]
[EventType "swiss"]
[EventRounds "9"]
[EventCountry "GRE"]
[SourceTitle "CBM 143 Extra"]
[Source "ChessBase"]
[SourceDate "2011.08.29"]
[SourceVersion "1"]
[SourceVersionDate "2011.08.29"]
[SourceQuality "1"]

1. c4 Nf6 2. Nf3 b6 3. g3 Bb7 4. Bg2 e6 5. 0-0 Be7 6. Nc3 0-0 7. d4 d5 8. Ne5 c6 9. Bf4 dxc4 10. Nxc4 Nd5 11. Nxd5 exd5 12. Ne5 Nd7 13. Qb3 Nxe5 14. Bxe5 Bd6 15. Bxd6 Qxd6 16. Rfe1 Rfe8 17. Rad1 Re7 18. e4 dxe4 19. Rxe4 Rae8 20. Rxe7 Rxe7 21. h4 h6 22. Bf3 Bc8 23. Qa4 b5 24. Qc2 Bd7 25. Qc5 Qf6 26. Rc1 Qxf3 27. Qxe7 Be6 28. Qa3 Qe2 29. Qe3 Qxb2 30. Rxc6 Qxa2 31. h5 b4 32. Qe4 Qa5 33. d5 Bd7 34. Rd6 Qb5 35. Qe7 Bh3 36. Rd8+ Kh7 37. Qe4+ f5 38. Qe1 b3 39. Kh2 b2 40. Qb1 Bg4 41. Rf8 Qe2 42. Rxf5 Bxf5 43. Qxf5+ Kg8 44. Qc8+ Kf7 45. Qb7+ Kg8 46. Qc8+ Kf7 47. Qb7+ Kg8 1/2-1/2

[Event "Aegean op 34th"]
[Site "Aghios Kirykos"]
[Date "2011.07.10"]
[Round "2"]
[White "Iatros, Aristidis"]
[Black "Pountzas, Hrisanthos"]
[Result "0-1"]
[WhiteElo "1824"]
[BlackElo "2177"]
[PlyCount "68"]
[EventDate "2011.07.09"]
[EventType "swiss"]
[EventRounds "9"]
[EventCountry "GRE"]
[SourceTitle "CBM 143 Extra"]
[Source "ChessBase"]
[SourceDate "2011.08.29"]
[SourceVersion "1"]
[SourceVersionDate "2011.08.29"]
[SourceQuality "1"]

1. Nf3 c5 2. e4 g6 3. c3 Bg7 4. d4 cxd4 5. cxd4 d5 6. e5 Bg4 7. Qb3 Qd7 8. Bb5 Nc6 9. Nc3 Bxf3 10. gxf3 e6 11. Be3 Nge7 12. h4 h5 13. Bd3 0-0 14. Ke2 Rfc8 15. Nb5 Na5 16. Qa3 Nc4 17. Bxc4 Rxc4 18. Nd6 Rc6 19. Rac1 Bf8 20. Qd3 Rb6 21. Rc2 Nc6 22. Rhc1 Nb4 23. Rc7 Nxd3 24. Rxd7 Nxc1+ 25. Bxc1 Bxd6 26. exd6 Rc8 27. Rc7 Rxc7 28. dxc7 Rc6 29. Bf4 f6 30. Kd3 Kf7 31. b3 b5 32. a4 bxa4 33. bxa4 Ke7 34. a5 Kd7 0-1

[Event "Aegean op 33rd"]
[Site "Aghios Kirykos"]
[Date "2010.07.15"]
[Round "4"]
[White "Pountzas, Hrisanthos"]
[Black "Androni, Konstantina"]
[Result "1-0"]
[WhiteElo "2181"]
[BlackElo "1870"]
[PlyCount "89"]
[EventDate "2010.07.13"]
[EventType "swiss"]
[EventRounds "9"]
[EventCountry "GRE"]
[SourceTitle "CBM 137 Extra"]
[Source "ChessBase"]
[SourceDate "2010.09.01"]
[SourceVersion "1"]
[SourceVersionDate "2010.09.01"]
[SourceQuality "1"]

1. c4 c6 2. e4 d5 3. exd5 cxd5 4. cxd5 Nf6 5. Qa4+ Nbd7 6. Nc3 g6 7. Bc4 Bg7 8. d3 0-0 9. Nf3 a6 10. Qa3 Nb6 11. Qb3 Nbd7 12. a4 Ng4 13. Bf4 Nc5 14. Qa3 b6 15. d4 Nb7 16. 0-0 Nh6 17. Rfe1 Nf5 18. Rad1 Nbd6 19. Bb3 Bd7 20. Be5 f6 21. Bxd6 Nxd6 22. Ne4 Bg4 23. Rd3 Kh8 24. Nxd6 exd6 25. h3 Bc8 26. Rde3 Ra7 27. a5 bxa5 28. Ba4 Raf7 29. Be8 Rc7 30. Qxa5 Bd7 31. Bxd7 Qxd7 32. Qxa6 f5 33. b4 Rfc8 34. b5 Bf8 35. b6 Rb7 36. Rb3 Rcb8 37. Ng5 Bg7 38. Ne6 Bf6 39. Rc1 Bd8 40. Rc6 Kg8 41. Rb5 h6 42. Qa5 g5 43. Qb4 Be7 44. Qb1 Ra8 45. Qxf5 1-0

[Event "Aegean op 33rd"]
[Site "Aghios Kirykos"]
[Date "2010.07.14"]
[Round "2"]
[White "Pountzas, Hrisanthos"]
[Black "Moradiabadi, Elshan"]
[Result "0-1"]
[WhiteElo "2181"]
[BlackElo "2571"]
[PlyCount "44"]
[EventDate "2010.07.13"]
[EventType "swiss"]
[EventRounds "9"]
[EventCountry "GRE"]
[SourceTitle "CBM 137 Extra"]
[Source "ChessBase"]
[SourceDate "2010.09.01"]
[SourceVersion "1"]
[SourceVersionDate "2010.09.01"]
[SourceQuality "1"]

1. c4 e5 2. Nc3 Nc6 3. Nf3 Nf6 4. g3 g6 5. Bg2 Bg7 6. d4 exd4 7. Nxd4 0-0 8. 0-0 Ng4 9. Nxc6 dxc6 10. Bf4 Ne5 11. Qa4 Qd4 12. Bxe5 Qxe5 13. Rac1 Be6 14. b3 Rfd8 15. Qb4 Rab8 16. Ne4 Bf5 17. Qc5 Qxc5 18. Nxc5 Rd2 19. Bf3 Rxa2 20. Rcd1 b6 21. Nd7 Re8 22. Bxc6 Rexe2 0-1

[Event "GRE-chT Div-A 38th"]
[Site "Peristeri"]
[Date "2010.07.08"]
[Round "4"]
[White "Pountzas, Hrisanthos"]
[Black "Gogolis, Alexandros"]
[Result "0-1"]
[WhiteElo "2171"]
[BlackElo "2207"]
[PlyCount "50"]
[EventDate "2010.07.05"]
[EventType "team-swiss"]
[EventRounds "7"]
[EventCountry "GRE"]
[SourceTitle "CBM 137 Extra"]
[Source "ChessBase"]
[SourceDate "2010.09.01"]
[SourceVersion "1"]
[SourceVersionDate "2010.09.01"]
[SourceQuality "1"]

1. c4 c6 2. e4 e5 3. Nf3 Qa5 4. Nc3 Bb4 5. d4 Nf6 6. Bd2 exd4 7. Nxd4 0-0 8. a3 Bxc3 9. Bxc3 Qg5 10. Nf3 Qg6 11. e5 Ne4 12. Bd4 d5 13. exd6 Nxd6 14. Bd3 Re8+ 15. Kf1 Bf5 16. Bxf5 Nxf5 17. Bc3 Na6 18. Ne5 Qe6 19. b3 f6 20. Nf3 Qe4 21. Ra2 Rad8 22. Qc2 Qxc2 23. Rxc2 Rd1+ 24. Ne1 Nd4 25. Rb2 Nc5 0-1

[Event "Kerkyra op"]
[Site "Kerkyra"]
[Date "2009.09.12"]
[Round "8"]
[White "Pountzas, Hrisanthos"]
[Black "Romanishin, Oleg M"]
[Result "0-1"]
[WhiteElo "2168"]
[BlackElo "2515"]
[PlyCount "50"]
[EventDate "2009.09.05"]
[EventType "swiss"]
[EventRounds "9"]
[EventCountry "GRE"]
[SourceTitle "CBM 132 Extra"]
[Source "ChessBase"]
[SourceDate "2009.11.03"]
[SourceVersion "1"]
[SourceVersionDate "2009.11.03"]
[SourceQuality "1"]

1. c4 e5 2. g3 Nf6 3. Bg2 d5 4. cxd5 Nxd5 5. Nc3 Nb6 6. Nf3 Nc6 7. Rb1 a5 8. d3 Be7 9. 0-0 0-0 10. Be3 Be6 11. Bxb6 cxb6 12. Nd2 b5 13. Nxb5 Bxa2 14. Ra1 Be6 15. Nc4 Bb4 16. Qa4 Bd7 17. Qa2 a4 18. b3 a3 19. Qc2 Qe7 20. Nb6 Ra5 21. Nxd7 Qxd7 22. Qc4 Nd4 23. Nxd4 Qxd4 24. Bxb7 Rb8 25. Rfc1 Qxc4 0-1

[Event "Nikaia op 16th"]
[Site "Nikaia"]
[Date "2008.08.31"]
[Round "8"]
[White "Aggelis, Nikolaos"]
[Black "Pountzas, Hrisanthos"]
[Result "1/2-1/2"]
[WhiteElo "2271"]
[BlackElo "2202"]
[PlyCount "108"]
[EventDate "2008.08.25"]
[EventType "swiss"]
[EventRounds "9"]
[EventCountry "GRE"]
[SourceTitle "CBM 126 Extra"]
[Source "ChessBase"]
[SourceDate "2008.11.05"]
[SourceVersion "1"]
[SourceVersionDate "2008.11.05"]
[SourceQuality "1"]

1. Nf3 g6 2. g3 Bg7 3. d4 Nf6 4. Bg2 0-0 5. 0-0 d6 6. Re1 Nbd7 7. e4 e5 8. Nc3 c6 9. a4 Re8 10. b3 exd4 11. Nxd4 d5 12. exd5 Rxe1+ 13. Qxe1 Nxd5 14. Nxd5 Bxd4 15. c3 Bc5 16. Nf4 Qe7 17. Qxe7 Bxe7 18. Be3 Nf8 19. a5 a6 20. Nd3 Bf5 21. Nc5 Bxc5 22. Bxc5 Re8 23. Be3 Rd8 24. Bf1 Ne6 25. Be2 h5 26. Rd1 Rxd1+ 27. Bxd1 Kf8 28. f3 Bd3 29. g4 hxg4 30. fxg4 f5 31. h4 fxg4 32. Bxg4 Kf7 33. Kf2 Bc2 34. b4 Kf6 35. Bd4+ Nxd4 36. cxd4 Bf5 37. Bf3 Be6 38. Kg3 Bd5 39. Bg4 Be6 40. Be2 Ba2 41. Kf4 Bf7 42. Bg4 Be6 43. Bf3 Bd5 44. Bd1 Bf7 45. Be2 Bd5 46. Bd3 Be6 47. Be4 Bd5 48. Bxd5 cxd5 49. Kg4 Ke6 50. Kg5 Kf7 51. h5 gxh5 52. Kxh5 Kf6 53. Kg4 Kg6 54. Kf4 Kf6 1/2-1/2